01618nam a22001217a 450000500170000000800410001705000140005810000340007224501380010626000500024430000260029450511760032020210414113912.0120126t xxu||||| |||| 00| 0 eng d aHC59.K675 aKrause, Lawrence B. cEditor aProceeding of ninth pacific trade and development counternence: minerals resource in the pacificcLawrence B. Krause and Hugh Patrick aSan Francisco:bBank of San Francisco,c1978. a710 p.:bill.;c22cm. aContents: Introduction -- The Economics and politics of natural resources: The Raw material product cycle -- Mineral trade and investment patterns in the pacific area -- Resource trade and the development process in developing countries -- Ocean mining in the Pacific Basin: Stimuli and response -- National case studies in natural resource problems: Australia's minrals productions and trade: Case study of a resource-rich developed country -- Options for a resource-poor developed country- Japan -- Issues in the development of resource-rich LDCs: Copper in Chile -- Natural resource problems in a resource- poor developing country: The Korean case -- Political economy of mineral resource: Policy alternatives: Comodity trade from a North- South perspective -- Japan's resource security and foreign investment in the Pacific: A Case study of bilateral devices between advanced countries -- The Wider context of bilateral resource exploitation arrangements between the LDC's and the DCs -- International comodity control: The Tin experience -- An organization for pacific trade, Aid and development: Regional arrangements and the resource trade -- Statistical Appendix.